000 00732nam a2200229Ia 4500
008 130821s1998 sp gr spa
020 _a8420615684
040 _aCo-BoUCM
_bspa
041 0 0 _aspa
100 _aFrancastel, Pierre
_d1932-
_9112306
245 0 0 _aSociología del arte
_cPierre Francastel
260 _aMadrid (España)
_bEditorial
_c1998
300 _a203 páginas
490 _aEl Libro de Bolsillo; 568
504 _aIncluye índice
650 0 4 _aSociología del arte
_924790
700 _aBalseiro, Marisa, Trad.
_9158708
700 _aSoba Rojo, Susana; Trad.
_9158709
765 _tEtudes de Sociologie de l'art
942 _cLIBRO
_a5
_e1
_mF814S
_2DEWEY
_h306.47
999 _c34119
_d34119